00343nam a22001097a 4500003000400000082001800004100001000022245011600032260004400148300000800192650003300200SGT a617.522bA25A aAngel aAssessment and Success of Zygomatic implants placed in atrophied maxillary ridgesbA prospective clinical study aGurugram, HaryanabSGT Universityc2025 a113 aOral & Maxillofacial Surgery